| 000 | 01784nam a2200541 i 4500 | ||
|---|---|---|---|
| 001 | 40064 | ||
| 003 | KOSZ 005 | ||
| 005 | 20211119121629.0 | ||
| 008 | 981002s1998 pl a |001 0 pol | ||
| 015 | _aUWD 1998/12578 | ||
| 020 | _a8371581076 | ||
| 035 | _a991005605209705066 | ||
| 035 | _a(PL-WaBN)b11464306-48omnis_nlop | ||
| 035 | _ab11464306 | ||
| 035 | _a(OCoLC)750567652 | ||
| 035 | _a(PL)b0000001146430 | ||
| 035 | _a(EXLNZ-48OMNIS_NETWORK)9910247666305606 | ||
| 040 |
_aWA N _cWA N _dKOSZ 005/HR |
||
| 041 | 1 |
_apol _heng |
|
| 046 | _k1998 | ||
| 080 | _a004.42 | ||
| 080 | _a004.92 | ||
| 080 | _a(07) | ||
| 245 | 0 | 0 |
_aAutoCAD 14 PL dla zaawansowanych / _cprzekł. z ang. Jan Łuczyński. |
| 246 | 1 |
_iTyt. oryg.: _aAutoCAD Release 14 features, _f1998 |
|
| 260 |
_aWarszawa : _b"Mikom", _c1998. |
||
| 300 |
_a362 s. : _brys. ; _c24 cm + _eCD-ROM. |
||
| 336 |
_aTekst _btxt _2rdacontent |
||
| 337 |
_aBez urządzenia pośredniczącego _bn _2rdamedia |
||
| 338 |
_aWolumin _bnc _2rdacarrier |
||
| 380 | _aKsiążki | ||
| 388 | _a1901-2000 | ||
| 388 | _a1989-2000 | ||
| 500 | _aPrzygot. przez firmę Knowledge Works we współpr. z firmą Autodesk. | ||
| 504 | _aIndeks. | ||
| 650 | 7 |
_aAutoCAD _2DBN |
|
| 650 | 7 |
_aProgramy graficzne _2DBN |
|
| 650 | 7 |
_aProjektowanie wspomagane komputerowo _2DBN |
|
| 655 | 7 |
_aPodręcznik _2DBN |
|
| 655 | 7 |
_aRysunek techniczny _2DBN |
|
| 658 | _aInżynieria i technika | ||
| 658 | _aInformatyka i technologie informacyjne | ||
| 700 | 1 |
_aŁuczyński, Jan _eTłumaczenie |
|
| 710 | 2 |
_aWydawnictwo Mikom _4pbl |
|
| 856 |
_uhttp://koha.tu.koszalin.pl/cgi-bin/koha/opac-detail.pl?biblionumber=40064 _yKatalog online BPK |
||
| 942 |
_2UKD _cKS |
||
| 999 |
_c40064 _d40064 |
||